LEADER 02301nam a2200301 4500 001 000000337290 003 CaOOAMICUS 005 20251124143524.0 008 191018s1786 it 000 u lat r 026 $a.D.E t;li e.e- VIpt (3) 1786 (R)$bpt. 1 026 $a.DVS m.am s-e- obNi (3) 1786 (R)$bpt. 2 040 $aSeMil$bita 100 11$aBiagi, Clemente,$d<1740-1803>.$0(OLS)http://semarc/name/14079 245 00$aDefensio Tridentinorum canonum de Ecclesiae potestate in dirimentia matrimonium impedimenta adversus Launoium, Tamburinium, Nestium aliosque recentiores auctore Perto [!] Deodato Nicopolitano. Accedit anonymi Dissertatio qua contra quosdam theologos propugnatur Pontificia auctoritas in eadem impedimenta. 264 1$aHierapoli [i.e. Roma] :$bProstat Venetiis apud Franciscum Zatta, Romae apud Nicolaum de Romanis, Ravennae apud Franciscum Collina,$c1786. 300 $a2 pt. (19, [1], 144; 49, [1] p.) ;$c8° 500 $aPer il nome dell'A. (Clemente Biagi) e il luogo reale di pubblicazione (Roma), cfr. M. Parenti, Dizionario dei luoghi di stampa, p. 103 500 $aSegn.: a8 chi2 A-I8; A-C8 (C8+chi1) 501 $aAnonymi Dissertatio qua defenditur Rom. Pontificis auctoritas in impedimenta matrimonium dirimentia adversus neotericos theologos$5Tit. della pt. 2 650 4$aConcilio di Trento <1545-1563>.$0(OLS)http://semarc/subject/58 700 1 $aCollina, Francesco,$c.$0(OLS)http://semarc/name/110362 700 1 $aZatta, Francesco,$c.$0(OLS)http://semarc/name/110364 700 1 $aDe Romanis, Nicola,$c.$0(OLS)http://semarc/name/110363 850 $aSeMil 852 $aSeMil$W1$xVenegono$y1$m3X IV 62 FA$j216957$B228998$CSeMilBibl$Z2$F228998 $8I 996 $6245$aDefensio Tridentinorum canonum de Ecclesiae potestate in dirimentia matrimonium impedimenta adversus Launoium, Tamburinium, Nestium aliosque recentiores auctore Perto [!] Deodato Nicopolitano. Accedit anonymi Dissertatio qua contra quosdam theologos propugnatur Pontificia auctoritas in eadem impedimenta$9(OLS)http://semarc/title/426279 996 $6264$aHierapoli [i.e. Roma] :$bProstat Venetiis apud Franciscum Zatta, Romae apud Nicolaum de Romanis, Ravennae apud Franciscum Collina$9(OLS)http://semarc/publisher/58618 LEADER 01339nam a2200277 i 4500 001 000000134216 003 CaOOAMICUS 005 20050127000000.0 008 050127s1957 it u000 u ita u 013 $a107298 040 $aSeMil$bita 245 10$aOpere di Giandomenico Romagnosi, Carlo Cattaneo, Giuseppe Ferrari /$ca cura di Ernesto Sestan. 260 $aMilano ; Napoli :$bRicciardi,$c1957. 300 $aLVIII, 1264 p. ;$c23 cm. 490 0 $aLa letteratura italiana : storia e testi ;$v68 500 $aContiene : Nota bio-bibliografica. 650 4$aPolitica - Teorie - Italia - Sec. 19.-20.$0(OLS)http://semarc/subject/2960 700 1 $aCattaneo, Carlo <1801-1869>.$0(OLS)http://semarc/name/1342 700 1 $aSestan, Ernesto.$0(OLS)http://semarc/name/23379 700 1 $aRomagnosi, Gian Domenico,$d<1761-1835>.$0(OLS)http://semarc/name/2860 700 1 $aFerrari, Giuseppe,$d<1811-1876>.$0(OLS)http://semarc/name/10162 830 3$aLa letteratura italiana : storia e testi ;$v68.$0(OLS)http://semarc/title/220 850 $aSeMil 852 $aSeMil$W1$xVenegono$y1$m1E VI 211$j87982$B87982$CSeMilBibl$Z2$F92134 $81 996 $6245$aOpere di Giandomenico Romagnosi, Carlo Cattaneo, Giuseppe Ferrari$9(OLS)http://semarc/title/196348 996 $6260$aMilano ; Napoli :$bRicciardi$9(OLS)http://semarc/publisher/29956